[Event "TCh-FRA Top 16 GpB 2022"]
[Site "Chartres FRA"]
[Date "2022.06.10"]
[Round "2.4"]
[Board "6"]
[White "Crut, Aurelien"]
[Black "Pelletier, Yannick"]
[Result "0-1"]
[WhiteTitle "IM"]
[BlackTitle "GM"]
[WhiteElo "2354"]
[BlackElo "2549"]
[WhiteTeam "Lyon Olympique Echecs"]
[BlackTeam "Asnieres - Le Grand Echiquier"]
[WhiteFideId "610569"]
[BlackFideId "1301837"]
[EventDate "2022.06.09"]

1. e4 c5 2. Nf3 e6 3. c3 d5 4. exd5 Qxd5 5. d4 Nf6 6. Be3 cxd4 7. cxd4 Bb4+ 8.
Nc3 O-O 9. Be2 b6 10. O-O Bxc3 11. bxc3 Ba6 12. Bxa6 Nxa6 13. Qe2 Nb8 14. c4 Qe4
15. Qb2 Rc8 16. Rac1 Nbd7 17. a4 h6 18. Rfe1 Qf5 19. Qb5 Qxb5 20. axb5 a6 21.
bxa6 Rxa6 22. Re2 b5 23. cxb5 Rxc1+ 24. Bxc1 Ra1 25. Rc2 Rb1 26. Ne5 Nxe5 27.
dxe5 Nd5 28. g3 Rxb5 29. Rb2 Rc5 30. Bd2 g5 31. h4 gxh4 32. Bxh6 hxg3 33. fxg3
Kh7 34. Bf4 Kg6 35. Rf2 Nb4 36. Kg2 Nd3 37. Re2 Kf5 38. Re3 Rc2+ 39. Kh3 Nf2+
40. Kh4 Ng4 0-1

[Event "TCh-FRA Top 16 GpB 2022"]
[Site "Chartres FRA"]
[Date "2022.06.10"]
[Round "2.4"]
[Board "7"]
[White "Cornette, Matthieu"]
[Black "Jrade, Willis"]
[Result "1-0"]
[WhiteTitle "GM"]
[WhiteElo "2563"]
[BlackElo "2132"]
[WhiteTeam "Asnieres - Le Grand Echiquier"]
[BlackTeam "Lyon Olympique Echecs"]
[WhiteFideId "620084"]
[BlackFideId "20602405"]
[EventDate "2022.06.09"]

1. e4 c5 2. Nf3 d6 3. d4 cxd4 4. Nxd4 Nf6 5. Nc3 a6 6. g3 e5 7. Nb3 h5 8. Bg5
Be6 9. f4 Nbd7 10. f5 Bxb3 11. axb3 Qc7 12. Bb5 Be7 13. Bxf6 Bxf6 14. Nd5 Qd8
15. Bxd7+ Qxd7 16. O-O Bd8 17. b4 Rc8 18. c3 h4 19. Qf3 Rh6 20. Rad1 Kf8 21. Kg2
Qa4 22. Rd2 Qa2 23. Qg4 Qc4 24. f6 g6 25. Ne3 Qc7 26. Rfd1 hxg3 27. hxg3 Bxf6
28. Nd5 1-0

[Event "TCh-FRA Top 16 GpB 2022"]
[Site "Chartres FRA"]
[Date "2022.06.10"]
[Round "2.4"]
[Board "8"]
[White "Rollot, Florence"]
[Black "Guichard, Pauline"]
[Result "0-1"]
[BlackTitle "IM"]
[WhiteElo "2015"]
[BlackElo "2377"]
[WhiteTeam "Lyon Olympique Echecs"]
[BlackTeam "Asnieres - Le Grand Echiquier"]
[WhiteFideId "26016060"]
[BlackFideId "639370"]
[EventDate "2022.06.09"]

1. c4 Nf6 2. Nc3 e5 3. g3 Bb4 4. Bg2 O-O 5. Nf3 Re8 6. Qb3 Nc6 7. Nd5 Bc5 8. d3
Nxd5 9. cxd5 Nd4 10. Nxd4 exd4 11. Bf3 a5 12. O-O a4 13. Qc4 d6 14. b3 Bh3 15.
Re1 Qd7 16. Rb1 Bg4 17. Bxg4 Qxg4 18. b4 Bb6 19. Rb2 h5 20. Kg2 Re5 21. f4 Re7
22. a3 Rae8 23. Qa2 h4 24. Rc2 g6 25. Rb2 Kg7 26. Rc2 hxg3 27. hxg3 f6 28. Qb2
Rh8 29. Rg1 Rh3 30. Kf2 Rh2+ 31. Ke1 Rh3 32. Kf2 Qh5 33. Qa2 Rh2+ 34. Rg2 Qh3
35. Rxh2 Qxh2+ 36. Kf3 Re3+ 37. Bxe3 Qh1+ 0-1

[Event "TCh-FRA Top 16 GpB 2022"]
[Site "Chartres FRA"]
[Date "2022.06.11"]
[Round "3.1"]
[Board "1"]
[White "Le Hetet, Nicolas"]
[Black "Esipenko, Andrey"]
[Result "1-0"]
[WhiteTitle "FM"]
[BlackTitle "GM"]
[WhiteElo "2372"]
[BlackElo "2705"]
[WhiteTeam "Echiquier Agenais"]
[BlackTeam "Asnieres - Le Grand Echiquier"]
[WhiteFideId "634824"]
[BlackFideId "24175439"]
[EventDate "2022.06.09"]

1. e4 c5 2. Nf3 d6 3. d4 cxd4 4. Nxd4 Nf6 5. Nc3 a6 6. g3 e5 7. Nde2 Be7 8. Bg2
b5 9. O-O Nbd7 10. h3 O-O 11. a3 h5 12. Bg5 Bb7 13. Nc1 Rc8 14. Re1 Re8 15. Nb3
g6 16. Qd3 Qc7 17. Rac1 Nb6 18. Na5 Ba8 19. Bd2 Bf8 20. Nd5 Nbxd5 21. exd5 e4
22. Bxe4 Nxe4 23. Rxe4 Rxe4 24. Qxe4 Bg7 25. c4 Bxb2 26. Rb1 Bxa3 27. Bc3 b4 28.
Ba1 Kh7 29. Qd4 Rg8 30. Re1 Qd7 31. g4 Qd8 32. Kh2 Qg5 33. Re8 f6 34. Qa7+ Rg7
35. Qxa8 Qf4+ 36. Kg2 Kh6 37. Rh8+ Kg5 38. Qe8 b3 39. Rxh5+ 1-0

[Event "TCh-FRA Top 16 GpB 2022"]
[Site "Chartres FRA"]
[Date "2022.06.11"]
[Round "3.1"]
[Board "2"]
[White "Moussard, Jules"]
[Black "Favarel, Julien"]
[Result "1-0"]
[WhiteTitle "GM"]
[BlackTitle "FM"]
[WhiteElo "2668"]
[BlackElo "2312"]
[WhiteTeam "Asnieres - Le Grand Echiquier"]
[BlackTeam "Echiquier Agenais"]
[WhiteFideId "642908"]
[BlackFideId "633453"]
[EventDate "2022.06.09"]

1. e4 e6 2. d4 d5 3. Nc3 Nf6 4. Bg5 dxe4 5. Nxe4 Be7 6. Nxf6+ Bxf6 7. Bxf6 Qxf6
8. Nf3 c5 9. Bb5+ Bd7 10. Qe2 O-O 11. O-O-O cxd4 12. Bxd7 Nxd7 13. Rxd4 Nb6 14.
Qe4 Rfc8 15. Kb1 Nd5 16. h4 b5 17. Ng5 g6 18. Nf3 Rc7 19. Rhd1 Rac8 20. R1d2 a5
21. Ne5 b4 22. g3 a4 23. Ng4 Qg7 24. Ne3 b3 25. c4 bxa2+ 26. Ka1 a3 27. cxd5
Rc1+ 28. Kxa2 axb2 29. Kxb2 exd5 30. Nxd5 Kh8 31. Nc3 1-0

[Event "TCh-FRA Top 16 GpB 2022"]
[Site "Chartres FRA"]
[Date "2022.06.11"]
[Round "3.1"]
[Board "3"]
[White "Fantinel, Thibault"]
[Black "Gozzoli, Yannick"]
[Result "1/2-1/2"]
[WhiteTitle "IM"]
[BlackTitle "GM"]
[WhiteElo "2388"]
[BlackElo "2594"]
[WhiteTeam "Echiquier Agenais"]
[BlackTeam "Asnieres - Le Grand Echiquier"]
[WhiteFideId "663395"]
[BlackFideId "616915"]
[EventDate "2022.06.09"]

1. e4 c5 2. Nf3 e6 3. c3 d5 4. exd5 Qxd5 5. d4 Nf6 6. Na3 Be7 7. Nb5 Na6 8. Be2
O-O 9. O-O cxd4 10. Qxd4 Bd7 11. Rd1 Bxb5 12. Qxd5 Nxd5 13. Bxb5 Nc5 14. Bc4 Nb6
15. Be2 Rfd8 16. Be3 Nd5 17. Bd4 Rac8 18. g3 a6 19. Ne1 Na4 20. Rab1 b5 21. Nc2
Bf6 22. Bf3 a5 23. Bxf6 gxf6 24. Bxd5 Rxd5 25. Rxd5 exd5 26. a3 Kf8 27. Kf1 Rb8
28. Ke2 Ke7 29. Kd2 Kd6 30. b3 Nc5 1/2-1/2

[Event "TCh-FRA Top 16 GpB 2022"]
[Site "Chartres FRA"]
[Date "2022.06.11"]
[Round "3.1"]
[Board "4"]
[White "Movsesian, Sergei"]
[Black "Boukhris-Ferre, Yacine"]
[Result "1-0"]
[WhiteTitle "GM"]
[WhiteElo "2607"]
[BlackElo "2183"]
[WhiteTeam "Asnieres - Le Grand Echiquier"]
[BlackTeam "Echiquier Agenais"]
[WhiteFideId "310204"]
[BlackFideId "697087"]
[EventDate "2022.06.09"]

1. e4 e5 2. Nf3 Nc6 3. Bb5 f5 4. d3 fxe4 5. dxe4 Nf6 6. O-O Bc5 7. Qd3 Nd4 8.
Nxd4 Bxd4 9. Bc4 d6 10. c3 Bb6 11. a4 a6 12. a5 Ba7 13. Be3 Bxe3 14. Qxe3 Qe7
15. Ra4 Be6 16. Bxe6 Qxe6 17. Rb4 Rb8 18. Qa7 Qc8 19. Nd2 O-O 20. Qe3 Nh5 21. f3
Rf6 22. Rf2 Nf4 23. Nf1 Qe6 24. Rd2 h5 25. Qa7 Qc8 26. Ne3 Rf7 27. Nf5 Kh7 28.
Qf2 Qd8 29. Kh1 g6 30. Ne3 Qf6 31. h3 Qg5 32. Kh2 Ne6 33. Nd5 Nf4 34. Ne3 Ne6
35. Rd1 Qf4+ 36. Kh1 Nc5 37. Nd5 Qg5 38. Rc4 Rbf8 39. h4 Qd8 40. Kg1 Ne6 41. Rb4
Nc5 42. Qg3 Rg8 43. Kf1 g5 44. hxg5 Rxg5 45. Qh3 h4 46. Qxh4+ Kg6 47. Qf2 Qh8
48. Ne3 Ne6 49. Ke2 Nf4+ 50. Kd2 Qh2 51. Rxb7 Nh3 52. Qf1 Nf4 53. Qh1 Qxh1 54.
Rxh1 Nxg2 55. Nf5 Kf6 56. Rh6+ Rg6 57. Rxg6+ Kxg6 58. b4 d5 59. b5 dxe4 60. fxe4
Rd7+ 61. Kc1 axb5 62. a6 Rd8 63. a7 Ra8 64. Ne7+ Kf7 65. Nd5 1-0

[Event "TCh-FRA Top 16 GpB 2022"]
[Site "Chartres FRA"]
[Date "2022.06.11"]
[Round "3.1"]
[Board "5"]
[White "Domenech, Vianney"]
[Black "Degraeve, Jean-Marc"]
[Result "0-1"]
[BlackTitle "GM"]
[WhiteElo "2266"]
[BlackElo "2518"]
[WhiteTeam "Echiquier Agenais"]
[BlackTeam "Asnieres - Le Grand Echiquier"]
[WhiteFideId "656089"]
[BlackFideId "600270"]
[EventDate "2022.06.09"]

1. d4 Nf6 2. Bf4 d5 3. e3 e6 4. Nd2 Bd6 5. Bg3 O-O 6. Bd3 c5 7. c3 Qc7 8. dxc5
Qxc5 9. Ngf3 Nbd7 10. c4 dxc4 11. Nxc4 Bxg3 12. hxg3 Rd8 13. Rc1 Qe7 14. Qc2 h6
15. Rh4 b6 16. Nce5 Bb7 17. Nxd7 Rxd7 18. Rc4 Bd5 19. Rc8+ Rxc8 20. Qxc8+ Rd8
21. Qc3 Ne4 22. Bxe4 Bxe4 23. Kf1 Qb7 24. Qc7 Rd1+ 25. Ke2 Rxc1 26. Qxc1 Qa6+
27. Ke1 Qxa2 28. Nd2 Bd3 29. f3 Qd5 30. Kf2 Ba6 31. g4 Qd3 32. Ne4 Bb7 33. Ng3
a5 34. Ne2 Ba6 35. Nf4 Qc4 36. Qd2 Qc7 37. Nh5 f6 38. Nf4 Bc8 39. Qd3 e5 40. Nd5
Qd6 41. Qg6 Bd7 42. e4 Bc6 43. g5 hxg5 44. Kg3 Bxd5 45. exd5 Kf8 46. Qe4 Qb4 47.
Qxb4+ axb4 48. Kf2 Ke7 49. Ke3 Kd6 50. Ke4 g6 0-1

[Event "TCh-FRA Top 16 GpB 2022"]
[Site "Chartres FRA"]
[Date "2022.06.11"]
[Round "3.1"]
[Board "6"]
[White "Cornette, Matthieu"]
[Black "Louis, Thibault"]
[Result "1-0"]
[WhiteTitle "GM"]
[BlackTitle "FM"]
[WhiteElo "2563"]
[BlackElo "2154"]
[WhiteTeam "Asnieres - Le Grand Echiquier"]
[BlackTeam "Echiquier Agenais"]
[WhiteFideId "620084"]
[BlackFideId "681369"]
[EventDate "2022.06.09"]

1. e4 d6 2. d4 Nf6 3. Nc3 e5 4. Nf3 Nbd7 5. Bc4 Be7 6. a4 O-O 7. O-O a6 8. a5
exd4 9. Qxd4 Ng4 10. Nd5 Nde5 11. Nxe5 Nxe5 12. Ba2 Be6 13. f4 c5 14. Qf2 Nc6
15. Bd2 Bxd5 16. Bxd5 Bf6 17. c3 Nxa5 18. g4 Kh8 19. g5 Be7 20. Qh4 g6 21. Qh6
f5 22. Rf3 Rg8 23. c4 1-0

[Event "TCh-FRA Top 16 GpB 2022"]
[Site "Chartres FRA"]
[Date "2022.06.11"]
[Round "3.1"]
[Board "7"]
[White "Roubert, Emile"]
[Black "Goldsztejn, Gildas"]
[Result "1/2-1/2"]
[BlackTitle "IM"]
[WhiteElo "2027"]
[BlackElo "2413"]
[WhiteTeam "Echiquier Agenais"]
[BlackTeam "Asnieres - Le Grand Echiquier"]
[WhiteFideId "680311"]
[BlackFideId "612375"]
[EventDate "2022.06.09"]

1. e4 c5 2. Nf3 Nc6 3. d4 cxd4 4. Nxd4 Nf6 5. Nc3 d6 6. Bg5 e6 7. Qd2 a6 8. f4
Qb6 9. Bxf6 gxf6 10. Nb3 Bd7 11. O-O-O O-O-O 12. Be2 h5 13. Kb1 Kb8 14. Bf3 Be7
15. h4 Na5 16. Qe2 Nxb3 17. axb3 Bb5 18. Nxb5 Qxb5 19. Qxb5 axb5 20. b4 Kc7 21.
c3 Rh7 22. Kc2 Rg8 23. Rd2 Rd8 24. Ra1 f5 25. exf5 Bxh4 26. fxe6 fxe6 27. Re2
Bg3 28. Rxe6 Bxf4 29. Rd1 Rg8 30. Rf6 Be5 31. Rf5 h4 32. Bd5 Rgg7 33. Rdf1 Kb6
34. Rf8 h3 35. gxh3 Rxh3 36. R1f7 Rhh7 37. Rxg7 Rxg7 38. Be4 Rg4 39. Bd5 Rg7 40.
Be4 Rg4 1/2-1/2

[Event "TCh-FRA Top 16 GpB 2022"]
[Site "Chartres FRA"]
[Date "2022.06.11"]
[Round "3.1"]
[Board "8"]
[White "Guichard, Pauline"]
[Black "Bourgoin, Cecile"]
[Result "1-0"]
[WhiteTitle "IM"]
[WhiteElo "2377"]
[BlackElo "1682"]
[WhiteTeam "Asnieres - Le Grand Echiquier"]
[BlackTeam "Echiquier Agenais"]
[WhiteFideId "639370"]
[BlackFideId "603147"]
[EventDate "2022.06.09"]

1. d4 Nf6 2. c4 b6 3. Nc3 Bb7 4. d5 e6 5. a3 d6 6. g3 Be7 7. Bg2 Nbd7 8. Nf3 O-O
9. O-O e5 10. b4 Rc8 11. Nb5 Ra8 12. Nh4 a6 13. Nc3 Ng4 14. Nf5 Bg5 15. e4 Bxc1
16. Qxg4 Qg5 17. Qe2 g6 18. Nh4 1-0

[Event "TCh-FRA Top 16 GpB 2022"]
[Site "Chartres FRA"]
[Date "2022.06.11"]
[Round "3.2"]
[Board "1"]
[White "Neiksans, Arturs"]
[Black "Donchenko, Alexander"]
[Result "0-1"]
[WhiteTitle "GM"]
[BlackTitle "GM"]
[WhiteElo "2590"]
[BlackElo "2602"]
[WhiteTeam "Les Tours des Hauts de France - St Quentin"]
[BlackTeam "Vandoeuvre-Echecs"]
[WhiteFideId "11601388"]
[BlackFideId "24603295"]
[EventDate "2022.06.09"]

1. e4 c5 2. Nf3 d6 3. Bb5+ Nd7 4. d4 cxd4 5. Qxd4 a6 6. Bxd7+ Bxd7 7. Nc3 e5 8.
Qd3 Rc8 9. Nd2 Be6 10. Nf1 Bc4 11. Qg3 h5 12. Ne3 h4 13. Qf3 Be6 14. h3 Qf6 15.
Qxf6 Nxf6 16. Bd2 Be7 17. O-O-O Rxc3 18. Bxc3 Nxe4 19. Be1 Bg5 20. b3 d5 21. Kb2
Bxe3 22. fxe3 f6 23. a4 Kf7 24. a5 g5 25. Rf1 Kg6 26. Bb4 f5 27. c4 dxc4 28.
bxc4 Bxc4 29. Rg1 Bb5 30. Rd5 Kf6 31. Rgd1 Bc6 32. R5d3 Re8 33. Be1 f4 34. exf4
exf4 35. Ka3 Kf5 36. Rd8 Rxd8 37. Rxd8 Ng3 38. Rf8+ Kg6 39. Rg8+ Kh6 40. Rh8+
Kg7 41. Bc3+ Kf7 42. Rh7+ Kg6 43. Rg7+ Kh6 44. Rg8 Bxg2 45. Rh8+ Kg6 46. Rg8+
Kf5 47. Rf8+ Ke6 48. Bf6 g4 49. hxg4 h3 50. g5 h2 51. g6 h1=Q 52. g7 Qc1+ 53.
Kb4 Qd2+ 54. Bc3 Qd6+ 55. Kb3 Bd5+ 56. Kb2 0-1

[Event "TCh-FRA Top 16 GpB 2022"]
[Site "Chartres FRA"]
[Date "2022.06.11"]
[Round "3.2"]
[Board "2"]
[White "Solodovnichenko, Yuri"]
[Black "Marcelin, Cyril"]
[Result "1/2-1/2"]
[WhiteTitle "GM"]
[BlackTitle "GM"]
[WhiteElo "2492"]
[BlackElo "2440"]
[WhiteTeam "Vandoeuvre-Echecs"]
[BlackTeam "Les Tours des Hauts de France - St Quentin"]
[WhiteFideId "14104369"]
[BlackFideId "607274"]
[EventDate "2022.06.09"]

1. e4 c5 2. Nf3 g6 3. d4 cxd4 4. Nxd4 Bg7 5. Nc3 Nc6 6. Be3 Nf6 7. Bc4 O-O 8.
Bb3 Re8 9. O-O d6 10. h3 Na5 11. Nf3 Nxb3 12. axb3 a6 13. Qd3 Bd7 14. Bd4 Bc6
15. Qe3 Qc8 16. e5 Nd5 17. Nxd5 Bxd5 18. exd6 exd6 19. Qc3 Qxc3 20. bxc3 Bxf3
21. gxf3 Rac8 22. Bxg7 Kxg7 23. c4 d5 24. Ra4 dxc4 25. bxc4 Re2 26. Rb1 Rc7 27.
c3 Rc2 28. Ra3 Rxc4 29. Rxb7 R4xc3 30. Rxc3 Rxc3 31. Kg2 Rc6 32. Kg3 Kf6 33. Ra7
h5 34. f4 Rc3+ 35. f3 Ra3 36. Rc7 Re3 37. Rc5 Ra3 38. h4 Ra1 39. Rc6+ Kg7 40.
Rc5 a5 41. f5 a4 42. fxg6 a3 43. Kf4 a2 44. Rc2 fxg6 45. Rd2 Kf7 46. Rg2 Ke7 47.
Kg5 Kf7 48. Kh6 Rh1 49. Rxa2 Rxh4 50. Kg5 Rh3 51. Ra7+ Ke6 52. Ra6+ Kf7 53. Ra7+
Ke6 1/2-1/2

[Event "TCh-FRA Top 16 GpB 2022"]
[Site "Chartres FRA"]
[Date "2022.06.11"]
[Round "3.2"]
[Board "3"]
[White "Kulaots, Kaido"]
[Black "Hamitevici, Vladimir"]
[Result "1-0"]
[WhiteTitle "GM"]
[BlackTitle "GM"]
[WhiteElo "2537"]
[BlackElo "2482"]
[WhiteTeam "Les Tours des Hauts de France - St Quentin"]
[BlackTeam "Vandoeuvre-Echecs"]
[WhiteFideId "4500261"]
[BlackFideId "13902393"]
[EventDate "2022.06.09"]

1. e4 c6 2. d4 d5 3. e5 Bf5 4. Nf3 e6 5. Be2 c5 6. Be3 cxd4 7. Nxd4 Ne7 8. Nd2
Nbc6 9. N2f3 Bg4 10. O-O a6 11. Rc1 Bxf3 12. Nxf3 g6 13. c3 Bg7 14. Bf4 h6 15.
h4 g5 16. hxg5 hxg5 17. Bxg5 Nxe5 18. g3 N5g6 19. Kg2 f6 20. Bd2 Qd7 21. Qb3 e5
22. Rh1 O-O-O 23. Qb6 Nc6 24. b4 f5 25. b5 axb5 26. Bxb5 e4 27. Ng5 f4 28. Rxh8
f3+ 29. Kg1 Rxh8 30. c4 Nge5 31. cxd5 Qxd5 32. Bf4 Rh6 33. Qc5 Qxa2 34. Nxe4 Qe6
35. Bxh6 Bxh6 36. Rd1 Qb3 37. Qd5 Qc2 38. Bxc6 Nxc6 39. Nc5 Kb8 40. Qd6+ 1-0

[Event "TCh-FRA Top 16 GpB 2022"]
[Site "Chartres FRA"]
[Date "2022.06.11"]
[Round "3.2"]
[Board "4"]
[White "Brunner, Nicolas"]
[Black "Godart, Francois"]
[Result "1/2-1/2"]
[WhiteTitle "IM"]
[BlackTitle "IM"]
[WhiteElo "2457"]
[BlackElo "2394"]
[WhiteTeam "Vandoeuvre-Echecs"]
[BlackTeam "Les Tours des Hauts de France - St Quentin"]
[WhiteFideId "620246"]
[BlackFideId "208078"]
[EventDate "2022.06.09"]

1. d4 d5 2. c4 e6 3. Nc3 c6 4. e4 dxe4 5. Nxe4 Bb4+ 6. Bd2 Qxd4 7. Bxb4 Qxe4+ 8.
Ne2 Na6 9. Bf8 Ne7 10. Bxg7 Nb4 11. Qd6 Nd3+ 12. Kd2 Nf5 13. Qxd3 Qxd3+ 14. Kxd3
Nxg7 15. Kc3 c5 16. g3 b6 17. Bg2 Rb8 18. Rad1 Bb7 19. Bxb7 Rxb7 20. h4 Rd7 21.
Rxd7 Kxd7 22. g4 Ke7 23. Ng3 h5 24. f3 hxg4 25. fxg4 f5 26. g5 Nh5 27. Nxh5 Rxh5
28. Kd3 Kf7 29. Ke3 Kg6 30. Kf4 Rh8 31. Ke5 Rf8 32. Rf1 Rd8 33. Rh1 Rf8 34. b3
f4 35. Rf1 f3 36. Ke4 f2 37. Ke3 Rh8 38. Rxf2 Rxh4 39. Rg2 Rd4 1/2-1/2

[Event "TCh-FRA Top 16 GpB 2022"]
[Site "Chartres FRA"]
[Date "2022.06.11"]
[Round "3.2"]
[Board "5"]
[White "Chabanon, Jean-Luc"]
[Black "Philippe, Christophe"]
[Result "1/2-1/2"]
[WhiteTitle "GM"]
[BlackTitle "IM"]
[WhiteElo "2429"]
[BlackElo "2383"]
[WhiteTeam "Les Tours des Hauts de France - St Quentin"]
[BlackTeam "Vandoeuvre-Echecs"]
[WhiteFideId "600075"]
[BlackFideId "610038"]
[EventDate "2022.06.09"]

1. d4 f5 2. Nf3 Nf6 3. g3 g6 4. Bg2 Bg7 5. O-O O-O 6. c4 d6 7. Nc3 Qe8 8. d5 Na6
9. Nd4 Bd7 10. Rb1 c5 11. Ne6 Bxe6 12. dxe6 Rb8 13. Nb5 Qc8 14. Bg5 Nc7 15. Bxf6
Bxf6 16. Nxc7 Qxc7 17. a4 Kg7 18. Bd5 Qa5 19. Qb3 a6 20. Qa3 Qd2 21. e3 a5 22.
Qb3 h5 23. h4 Qb4 24. Qc2 Ra8 25. Rfd1 Ra6 26. Rd3 Rb6 27. Kg2 Be5 28. Bf3 Rf6
29. Bd5 Rf8 30. Kh3 Bf6 31. b3 Ra6 32. f4 Raa8 33. Qg2 Rab8 34. e4 Bd4 35. Qe2
Rh8 36. Rf1 Rbf8 37. Rfd1 Qb6 38. Qg2 Rf6 39. Qe2 Qc7 40. Rxd4 cxd4 41. Rxd4
fxe4 42. Rxe4 Qc5 43. Qe3 b6 44. Qe2 Rhf8 45. Re3 Qd4 46. Rd3 Qc5 47. Qd2 Kh7
48. Re3 Kg7 49. Re1 Kh7 50. Rb1 Rf5 51. Rb2 Qg1 52. Qf2 Qc1 53. Rc2 Qb1 54. Rb2
Qc1 55. Qd2 Qg1 56. Qg2 Qe3 57. Qf3 Qc1 58. Rf2 Kg7 59. Qd3 Qa1 60. Rf1 Qb2 61.
Rf3 Kh6 62. Be4 R5f6 63. Qe3 Kg7 64. Bd5 Qb1 65. Kg2 Rb8 66. Qc3 Kh7 67. Rf1
Qa2+ 68. Rf2 Qa3 69. Qd3 Rbf8 70. Re2 Qc5 71. Bf3 Kg7 72. Re4 Kh7 73. Qe3 Rf5
74. Kf2 Kg7 75. Rd4 R8f6 76. Bd5 Re5 77. Qd3 Rexe6 78. Bxe6 Rxe6 79. Kf1 Qb4 80.
Re4 Rxe4 81. Qxe4 Qxb3 82. Qxe7+ Kh6 83. Qf8+ Kh7 84. Qf7+ Kh6 85. Qf8+ Kh7 86.
Qe7+ Kh6 87. Qg5+ Kh7 88. Qe7+ Kh6 89. Qf8+ 1/2-1/2

[Event "TCh-FRA Top 16 GpB 2022"]
[Site "Chartres FRA"]
[Date "2022.06.11"]
[Round "3.2"]
[Board "6"]
[White "Savina, Anastasia"]
[Black "Dionisi, Thomas"]
[Result "1-0"]
[WhiteTitle "IM"]
[BlackTitle "IM"]
[WhiteElo "2358"]
[BlackElo "2410"]
[WhiteTeam "Vandoeuvre-Echecs"]
[BlackTeam "Les Tours des Hauts de France - St Quentin"]
[WhiteFideId "4196872"]
[BlackFideId "651893"]
[EventDate "2022.06.09"]

1. d4 Nf6 2. c4 e6 3. Nc3 Bb4 4. e3 O-O 5. Bd2 b6 6. Bd3 Bb7 7. Nf3 d5 8. cxd5
exd5 9. Rc1 a6 10. Ne5 Bd6 11. f4 c5 12. O-O Nc6 13. Ng4 Be7 14. Nxf6+ Bxf6 15.
dxc5 bxc5 16. b3 d4 17. Ne4 dxe3 18. Nxf6+ Qxf6 19. Bxe3 Rfd8 20. Bxc5 Nd4 21.
Kh1 Rd7 22. Qh5 g6 23. Qh3 Rad8 24. f5 g5 25. Bc4 Nb5 26. Rce1 Rd2 27. Rf2 Rxf2
28. Bxf2 Nc3 29. Qg4 Nd5 30. Bd4 Qh6 31. Be5 Re8 32. Bxd5 Bxd5 33. h3 f6 34. Bc3
Rxe1+ 35. Bxe1 Qf8 36. Qd4 Qd6 37. Bc3 Qc6 38. Kh2 Bxg2 39. Qd8+ Kg7 40. Qe7+
Kh6 41. Qf8+ Kh5 42. Qf7+ Kh6 43. Bb4 g4 44. Bd2# 1-0

[Event "TCh-FRA Top 16 GpB 2022"]
[Site "Chartres FRA"]
[Date "2022.06.11"]
[Round "3.2"]
[Board "7"]
[White "Brochet, Philippe"]
[Black "Nezar, Mustapha"]
[Result "1/2-1/2"]
[WhiteTitle "IM"]
[BlackTitle "IM"]
[WhiteElo "2390"]
[BlackElo "2357"]
[WhiteTeam "Les Tours des Hauts de France - St Quentin"]
[BlackTeam "Vandoeuvre-Echecs"]
[WhiteFideId "602469"]
[BlackFideId "608637"]
[EventDate "2022.06.09"]

1. e4 e5 2. Nf3 Nf6 3. Nxe5 d6 4. Nf3 Nxe4 5. d4 d5 6. Bd3 Be7 7. O-O Nd6 8. Bf4
O-O 9. Re1 Be6 10. Qd2 Nc6 11. Ng5 Bf5 12. h4 Qd7 13. Nc3 Nc4 14. Bxf5 Qxf5 15.
Qd3 Qxd3 16. cxd3 Nxb2 17. Nxd5 Nxd3 18. Nxe7+ Nxe7 19. Rxe7 Nxf4 20. Rxc7 b6
21. a4 h6 22. Nf3 Rfc8 23. Rb7 Rcb8 24. Rxb8+ Rxb8 25. g3 Nd5 26. Rc1 Rd8 27.
Kf1 h5 28. Ke2 f6 29. Nd2 Re8+ 30. Kf3 Kf7 31. Nc4 Rd8 32. Ne3 Ke6 33. Ke4 Nxe3
34. fxe3 Kd6 35. Kf5 Re8 36. Rc3 a6 37. Kg6 Re4 38. Kxh5 b5 39. axb5 axb5 40. g4
g6+ 41. Kxg6 Rxg4+ 42. Kxf6 Rxh4 43. Kf5 Rh1 44. Ke4 Rd1 45. Rc5 Rb1 46. Kd3
Rb3+ 47. Kd2 b4 48. Rb5 Kc6 49. Rb8 Kd5 50. Rd8+ Kc4 51. Rc8+ Kd5 52. Rc5+ Kd6
53. Re5 Kc6 54. Rh5 Kd6 55. Ke2 Kc6 56. Rh1 Kd5 57. Rh5+ Kc6 58. Rh1 Kd5 59. Kf3
Rc3 60. Rh5+ Kc4 61. Rc5+ Kd3 62. Rb5 b3 63. Kf4 Kc2 64. d5 b2 65. d6 Rd3 66.
Rc5+ Kd2 67. Rb5 Kc2 68. Rc5+ Kd2 69. Ke5 1/2-1/2

[Event "TCh-FRA Top 16 GpB 2022"]
[Site "Chartres FRA"]
[Date "2022.06.11"]
[Round "3.2"]
[Board "8"]
[White "Steil-Antoni, Fiona"]
[Black "Monpeurt, Cyrielle"]
[Result "1/2-1/2"]
[WhiteTitle "WIM"]
[BlackTitle "WFM"]
[WhiteElo "2191"]
[BlackElo "2172"]
[WhiteTeam "Vandoeuvre-Echecs"]
[BlackTeam "Les Tours des Hauts de France - St Quentin"]
[WhiteFideId "4001249"]
[BlackFideId "677400"]
[EventDate "2022.06.09"]

1. e4 c5 2. Nf3 Nc6 3. d4 cxd4 4. Nxd4 Nf6 5. Nc3 e6 6. Nxc6 bxc6 7. e5 Nd5 8.
Ne4 Qa5+ 9. Bd2 Qc7 10. Qh5 Bb7 11. Bd3 O-O-O 12. a3 f5 13. exf6 gxf6 14. g3 c5
15. Qe2 Be7 16. O-O-O Nb6 17. Ba6 Kb8 18. Bxb7 Qxb7 19. Ba5 d5 20. Nd2 e5 21.
Qb5 Rd6 22. c4 dxc4 23. Nxc4 Nxc4 24. Qxc4 Rd4 25. Qc2 c4 26. Bc3 Bc5 27. Bxd4
Bxd4 28. Rhe1 Rc8 29. Re2 c3 30. b4 Qa6 31. Qa2 Qa4 32. Rc2 a6 33. Rd3 Rc7 34.
f3 Qb5 35. Rd1 Qa4 36. Rd3 Qb5 37. Rd1 Rc4 38. Kb1 a5 39. Ka1 1/2-1/2

[Event "TCh-FRA Top 16 GpB 2022"]
[Site "Chartres FRA"]
[Date "2022.06.11"]
[Round "3.3"]
[Board "1"]
[White "Erigaisi, Arjun"]
[Black "Vocaturo, Daniele"]
[Result "1-0"]
[WhiteTitle "GM"]
[BlackTitle "GM"]
[WhiteElo "2681"]
[BlackElo "2608"]
[WhiteTeam "Mulhouse Philidor"]
[BlackTeam "Clichy-Echecs-92"]
[WhiteFideId "35009192"]
[BlackFideId "813192"]
[EventDate "2022.06.09"]

1. d4 Nf6 2. Nc3 d5 3. Bf4 a6 4. e3 b5 5. Nf3 e6 6. Bd3 Bb7 7. Ne2 c5 8. c3 Nc6
9. Ng3 Bd6 10. Bg5 h6 11. Bxf6 gxf6 12. dxc5 Bxc5 13. b4 Bd6 14. a4 bxa4 15.
Qxa4 Kf8 16. O-O h5 17. Rfc1 h4 18. Nf1 f5 19. Qd1 Rg8 20. Qe2 Ne5 21. Nxe5 Bxe5
22. f3 Qb6 23. h3 f4 24. Kh1 fxe3 25. Nxe3 Bf4 26. Re1 d4 27. Ng4 Bc7 28. Qd2
Qd6 29. Qh6+ Rg7 30. cxd4 Qxd4 31. Qh8+ Ke7 32. Qxh4+ Kf8 33. Rad1 Qxb4 34. Be4
Bxe4 35. Rxe4 Qb3 36. Red4 Qb5 37. Nf6 Bb6 38. Rd7 1-0